00313nam a2200121Ia 4500008004100000082001700041100001500058245003800073250001200111260004300123300000900166650001600175191201s2003 xx 000 0 und d a621.384bGUE aGUPTA, M L 0aElectronics and Radio Engineering a9th Rep aN.DelhibDhanpat Rai Pub (P) Ltdc2003 a1252 aB.Tech(ECE)